WTA Finals 2013 - Singolare - Statistics

Statistiche generali
  • Questo quiz è stato fatto 3 volte
  • Il punteggio medio è 6 su 8
Statistiche sulle risposte
Nazione Risultato Tennista % Corretto
Germania Round robin Angelique Kerber
100%
Cina Finale Li Na
100%
Repubblica Ceca Semifinale Petra Kvitová
100%
Stati Uniti Campionessa Serena Williams
100%
Polonia Round robin Agnieszka Radwańska
67%
Serbia Semifinale Jelena Janković
67%
Italia Round robin Sara Errani
67%
Bielorussia Round robin Viktoryja Azaranka
33%
Nessun quiz corrispondente trovato
Distribuzione punteggi
Percentuale di utenti per punteggio
Percentile per numero di risposta
I tuoi punteggi nel tempo
Non hai fatto questo quiz